| 000 | 00618nam a2200205 a 4500 | ||
|---|---|---|---|
| 005 | 20220622063538.0 | ||
| 008 | 080425s1986 es r 000 0 spa d | ||
| 020 | _a8459913236 | ||
| 035 | _aUPN01000155621 | ||
| 049 | _aI | ||
| 050 | 4 |
_aPZ8.2 _bA4.3 |
|
| 100 | 1 |
_aAhlberg, Allan, _d1938- _928683 |
|
| 245 | 1 | 3 |
_aEl cumpleaños de oso / _cAllan Ahlberg ; tr. Ma. Elena Walsh. |
| 260 |
_aMadrid : _bOrbis, _c1986. |
||
| 300 |
_a31 p. : _bil. |
||
| 440 | 0 |
_aVeo-veo : _pmi primera biblioteca ; _v24 |
|
| 534 |
_pTítulo original: _tBear's birthday |
||
| 650 | 0 |
_aAnimales _vCuentos y leyendas _9234 |
|
| 905 | _aInfantils | ||
| 999 |
_c127736 _d127736 |
||